MARC

LEADER 00000nam0a2200000 4500
001 220326
005 20231101230327.0
035 |a (RuTPU)RU\TPU\book\240448 
090 |a 220326 
100 |a 20120822d1928 km y0rusy50 ca 
101 1 |a ger 
102 |a RU 
105 |a a z 001zy 
200 1 |a Железобетон. Его расчет и проектирование  |e пер. с нем.  |f Р. Залигер 
210 |a Москва  |c Государственное изд-во  |d 1928 
215 |a 671 с.  |c ил. 
320 |a Библиогр.: с. 655-659. 
320 |a Алфавитно-предметный указатель: с. 660-671. 
606 1 |a Железобетонные конструкции  |x Расчет,проектирование,конструирование  |2 stltpush  |3 (RuTPU)RU\TPU\subj\10663  |9 37703 
610 1 |a строительство 
610 1 |a строительная механика 
610 1 |a строительные конструкции 
610 1 |a железобетон 
610 1 |a железобетонные сооружения 
610 1 |a свойства 
610 1 |a прочность 
610 1 |a деформация 
610 1 |a армирование 
610 1 |a сопротивление 
610 1 |a изгиб 
610 1 |a сжатие 
610 1 |a изгиб 
610 1 |a кручение 
610 1 |a поперечные сечения 
610 1 |a балки 
610 1 |a арки 
610 1 |a купола 
610 1 |a рамы 
610 1 |a применение 
675 |a 624.012.45.04  |v 3 
700 1 |a Залигер  |b Р.  |g Рудольф 
801 1 |a RU  |b 63413507  |c 20120822 
801 2 |a RU  |b 63413507  |c 20221116  |g RCR 
942 |c BK